Which country has Greece most similarty on dna - Statistics

General Stats
  • This quiz has been taken 45 times
  • The average score is 16 of 20
Answer Stats
Rank Country % Correct
2 Albania
97%
4 Turkey
97%
3 Bulgaria
94%
6 Cyprus
94%
5 North Macedonia
91%
1 Italy
88%
7 Serbia
88%
11 Croatia
85%
10 Bosnia and Herzegovina
82%
8 Romania
82%
9 Montenegro
79%
17 Syria
76%
13 Spain
74%
18 Israel
71%
16 Lebanon
71%
12 Slovenia
71%
15 France
68%
14 Portugal
68%
19 Egypt
65%
20 Jordan
47%
No matching quizzes found
Score Distribution
Percent of People with Each Score
Percentile by Number Answered
Your Score History
You have not taken this quiz